Quan tot canvia : expliquem el càncer als més petits expliquem el càncer als més petits
Descripción Física:
34 pàgines no numerades : il·lustracions en color ; 21 x 21 cm
Otros Autores:
Cunillera, Èlia
Idioma:
Catalán
MARC
| LEADER | 00000nam a2200000 i 4500 | ||
|---|---|---|---|
| 001 | 29265 | ||
| 003 | AGDB | ||
| 005 | 20260324181545.0 | ||
| 008 | 260122e202410 spcdo|| ||||o0|0 0 cat| | ||
| 041 | |a cat | ||
| 100 | |a Alpañez, Júlia |9 72963 |e autor | ||
| 245 | 1 | 3 | |a Quan tot canvia : |b expliquem el càncer als més petits |
| 264 | 1 | |a [s.l.] : |b Diputació de Barcelona ; Ajuntament de la Vila de Bagà, |c [s.a.] | |
| 300 | |a 34 pàgines no numerades : |b il·lustracions en color ; |c 21 x 21 cm | ||
| 336 | |a text |b txt |2 rdacontent | ||
| 650 | 0 | |a Càncer en els infants |v Llibres per a infants |9 72962 | |
| 700 | |a Cunillera, Èlia |9 72964 |e il·lustrador | ||
| 908 | |a BC | ||
| 940 | |a BC | ||
| 942 | |2 udc |c ARXIU |n 1 | ||
| 952 | |0 0 |1 0 |2 udc |4 0 |6 BIB1404 |7 1 |9 98997 |a Arxiu |b Arxiu |d 2026-01-22 |l 0 |o Bib-1404 |p 29265 |r 2026-01-22 12:13:14 |w 2026-01-22 |y ARXIU | ||
| 999 | |c 130663 |d 130663 | ||